000
00329nam a22001337a 4500
008
181217b xxu||||| |||| 00| 0 eng d
020
_a
9780060930141
041
_a
eng
080
_a
159.9
100
_a
48
101
_a
psi
245
_a
Choise Theory A New Psychology Of Perosnal Freedom
_c
William.C
942
_2
udc
_c
BK
999
_c
53133
_d
53133